Normal view
MARC view
- The indo-pak clash in the rann of kutch
Entry Topical Term
001 - CONTROL NUMBER
- control field: 105946
003 - CONTROL NUMBER IDENTIFIER
- control field: NUST
005 - DATE AND TIME OF LATEST TRANSACTION
- control field: 20221226131727.0
008 - FIXED-LENGTH DATA ELEMENTS
- fixed length control field: 221226|| aca||aabn | a|a d
040 ## - CATALOGING SOURCE
- Original cataloging agency: NUST
- Transcribing agency: NUST
150 ## - HEADING--TOPICAL TERM
- Topical term or geographic name entry element: The indo-pak clash in the rann of kutch
670 ## - SOURCE DATA FOUND
- Source citation: Work cat.: (NUST)185699: Saeed, Ahmad 46147, The indo-pak clash in the rann of kutch /, 1965
